Статистика на промишлеността и капиталното строителство (Запис номер 152856)
[ съкратено ]
| 000 -Лидер | |
|---|---|
| Контролно поле с фиксирана дължина | 02138nam a2200373 c 4500 |
| 003 - Код на организацията, давaща контролен номер | |
| Контролно поле | BLK |
| 005 - Дата и час на последна редакция | |
| Контролно поле | 20221208030905.0 |
| 008 - Елементи от данни с фиксирана дължина | |
| fixed length control field | 180410b bul|||||r ||||||| ||bul|| |
| 010 ## - Наследен системен номер | |
| LC control number | KNG00159375000 |
| 040 ## - Източник на каталожния запис | |
| Идентификатор на билиотеката - собственик на записа | BLK |
| 041 ## - Код за език | |
| Код за езика на текст/звукозапис или на отделно заглавие | Български |
| Код за езика КДБФ | Български |
| 080 ## - УДК | |
| Текстов определител УДК | Статистиката като наука. Теория на статистиката |
| УДК код - определител по УДК | 311 |
| УДК определител | (075.8) |
| УДК - код + определител | 311(075.8) |
| 080 ## - УДК | |
| Текстов определител УДК | Статистиката като наука. Теория на статистиката |
| УДК код - определител по УДК | 311 |
| УДК определител | :338.4(075.8) |
| УДК - код + определител | 311:338.4(075.8) |
| 080 ## - УДК | |
| Текстов определител УДК | Статистиката като наука. Теория на статистиката |
| УДК код - определител по УДК | 311 |
| УДК определител | :69(075.8) |
| УДК - код + определител | 311:69(075.8) |
| 139 ## - Редно поле | |
| Редна дума | Статистика на промишлеността и капиталното строителство |
| Авторски знак | Стати - С 73 |
| 245 10 - Сведения за заглавието | |
| Заглавие | Статистика на промишлеността и капиталното строителство |
| Подзаглавни данни | С основи на общата теория на статистиката : Учебник за III и IV курс на икон. техникуми, спец. икономика, планиране и отчетност на промишлеността и строителството |
| Редно поле (дума) | Румен Д. Янакиев. |
| 250 ## - Област на изданието | |
| Сведения за изданието | 3. изд. |
| 257 ## - Страна на издаване | |
| Страна на създаване/издаване | България |
| 260 ## - Област на издателските данни | |
| Място на издаване, разпространение и проч. | София |
| Име на издателя, разпространителя и проч. | Наука и изкуство |
| Година на издаване | 1975 |
| Печатница | Плевен : Ал. Пъшев |
| 300 ## - Физическа характеристика | |
| Страници | 372 с. |
| Илюстрации и др. | с табл. |
| Размери/Мащаб | 22 см |
| 380 ## - Жанр | |
| Жанр | Обществени науки |
| 500 ## - Общи забележки | |
| Забележка | Други авт.: В. Цонев, А. Аврамов, Д. Мичев, Б. Чакалов, Т. Къналиев. - 1. изд. 1969. - 20 073 тир. |
| 650 #4 - Допълнително описание по предмет – тема | |
| Основно описание – тема или топоним | Статистика - икономическа |
| 9 (RLIN) | 331879 |
| 650 #4 - Допълнително описание по предмет – тема | |
| Основно описание – тема или топоним | Статистика, строителна |
| 9 (RLIN) | 289416 |
| 653 ## - Ключова дума – ненормативна | |
| Ключова дума | статистика |
| 653 ## - Ключова дума – ненормативна | |
| Ключова дума | икономика |
| 653 ## - Ключова дума – ненормативна | |
| Ключова дума | строителство |
| 700 ## - Други автори (авторска отговорност) | |
| Лично име | Янакиев, Румен Димов |
| Автороска отговорност (Описва отношението между автора и произведението) | съавт. |
| 9 (RLIN) | 1445 |
| 852 ## - Местоположение | |
| Форматна сигнатура | Цб 76873 |
| Фондова буква | Хранилище |
| 856 4# - Електронен адрес и достъп | |
| Електронен формат | pdf - файл |
| 856 4# - Електронен адрес и достъп | |
| Електронен формат | pdf - файл |
| 999 ## - СИСТЕМНИ КОНТРОЛНИ НОМЕРА | |
| Koha biblionumber | 152856 |
| Koha biblioitemnumber | 152856 |
| 942 ## - АРТИКУЛИ | |
| Вид на библиотечния материал | Книги |
| Скрит в OPAC | Не |
| Периодичен библиозапис | Да |
| 944 ## - СЪЗДАВАНЕ И РЕДАКЦИЯ на ЗАПИСА | |
| Създаване/Редакция | Създаване |
| Дата на регистрацията/редакция | 08.04.2014 |
| Статус, дата на статуса | 08.04.2014 - от С1,Р / 08.04.2014 |
| Служител, извършил регистрацията/редакцията | Грета_Цуфелде |
| 944 ## - СЪЗДАВАНЕ И РЕДАКЦИЯ на ЗАПИСА | |
| Създаване/Редакция | Редакция |
| Дата на регистрацията/редакция | 08.04.2014 |
| Статус, дата на статуса | 08.04.2014 - от С1,Р / 08.04.2014 |
| 999 ## - СИСТЕМНИ КОНТРОЛНИ НОМЕРА | |
| Koha biblioitemnumber | 152856 |
| Код за отписване | Код за изгубен артикул | Източник на класификационната схема | Код за повреда | Коз за рестрикции | Код за отдаване | Артикулен № | Име на библиотеката - собственик | Име на библиотеката, в която се намира в момента | Статус (Текущо местоположение) | Дата на вписване в системата | Местоположение - отдел | Цена в лева | Инвентарен номер | Систематично азбучна сигнатура | Баркод | Номер на екземпляра | Цена в евро | Служебна бележка | Служебен тип на артикула |
|---|---|---|---|---|---|---|---|---|---|---|---|---|---|---|---|---|---|---|---|
| Не е изгубен | Universal Decimal Classification | Не е повреден | без рестрикции | ползва се в читалня | 255626 | Регионална библиотека "Любен Каравелов" Русе | Регионална библиотека "Любен Каравелов" Русе | Хранилище | 1975-01-01 | Хранилище | 0.91 | 187552 | Цб 76873 | 120000187552 | 1 | 0.47 | N: стар фонд Дата: 01.01.1975 | Книги | |
| Изтеглен | Не е изгубен | Universal Decimal Classification | Не е повреден | без рестрикции | заемане за дома | 255627 | Регионална библиотека "Любен Каравелов" Русе | Регионална библиотека "Любен Каравелов" Русе | Заемна - подръчен фонд | 1975-01-01 | Заемна - подръчен фонд | 0.00 | 202826 | П 311/С 73 | 202826 | 2 | 0.00 | N: стар фонд Дата: 01.01.1975 | Книги |
| Изтеглен | Не е изгубен | Universal Decimal Classification | Не е повреден | без рестрикции | заемане за дома | 255628 | Регионална библиотека "Любен Каравелов" Русе | Регионална библиотека "Любен Каравелов" Русе | Заемна - подръчен фонд | 1975-01-01 | Заемна - подръчен фонд | 0.00 | 202827 | П 311/С 73 | 202827 | 3 | 0.00 | N: стар фонд Дата: 01.01.1975 | Книги |